مكتبة جامعة عجلون الوطنية

فهرس بحث المكتبة

Normal view MARC view
  • اساليب الارشاد/العلاج النفسي/علم النفس الارشادي

Entry Topical Term

Number of records used in: 1

001 - CONTROL NUMBER

  • control field: 61101

003 - CONTROL NUMBER IDENTIFIER

  • control field: JO-AjAnu

005 - DATE AND TIME OF LATEST TRANSACTION

  • control field: 20230606084002.0

008 - FIXED-LENGTH DATA ELEMENTS

  • fixed length control field: 230606|| aca||aabn | a|a d

040 ## - CATALOGING SOURCE

  • Original cataloging agency: JO-AjAnu
  • Transcribing agency: JO-AjAnu

150 ## - HEADING--TOPICAL TERM

  • Topical term or geographic name entry element: اساليب الارشاد/العلاج النفسي/علم النفس الارشادي

670 ## - SOURCE DATA FOUND

  • Source citation: Work cat.: (JO-AjAnu)31165: تاليف ارفورد، برادلي ت، م.مشارك سوزان ايفر، م.مشارك املي م. برينت، م.مشارك كاترين ا. ينج؛ ترجمة هالة فاروق المسعود؛ مراجعة رياض ملكوش, author 61100, 35 TECHNIQUES EVERY Counselor should Know اسلوبا على كل مرشد معرفتها